Giáo trình sở hữu trí tuệ, chuyển giao công nghệ và khai thác thông tin sáng chế (Dùng cho các trường Đại học kỹ thuật)

Đề cập các vấn đề về sở hữu trí tuệ: nội dung, việc xác lập, chuyển giao quyền sở hữu trí tuệ cũng như chuyển giao công nghệ, khai thác và quản trị thông tin sáng chế.

Salvato in:
Dettagli Bibliografici
Autore principale: Phan, Quốc Nguyên
Altri autori: Nguyễn, Tuấn Hưng
Natura: Libro
Lingua:Undetermined
Pubblicazione: H. Bách khoa Hà Nội 2011
Soggetti:
Accesso online:http://lrc.tdmu.edu.vn/opac/search/detail.asp?aID=2&ID=20649
Tags: Aggiungi Tag
Nessun Tag, puoi essere il primo ad aggiungerne! !
Thư viện lưu trữ: Trung tâm Học liệu Trường Đại học Thủ Dầu Một
LEADER 01305nam a2200229Ia 4500
001 TDMU_20649
008 210410s9999 xx 000 0 und d
082 |a 346.048 
090 |b PH105 
100 |a Phan, Quốc Nguyên 
245 0 |a Giáo trình sở hữu trí tuệ, chuyển giao công nghệ và khai thác thông tin sáng chế 
245 0 |b (Dùng cho các trường Đại học kỹ thuật) 
245 0 |c Phan Quốc Nguyên, Nguyễn Tuấn Hưng, Nguyễn Đức Thuận, [ và những người khác ...] 
260 |a H. 
260 |b Bách khoa Hà Nội 
260 |c 2011 
300 |a 227tr. 
520 |a Đề cập các vấn đề về sở hữu trí tuệ: nội dung, việc xác lập, chuyển giao quyền sở hữu trí tuệ cũng như chuyển giao công nghệ, khai thác và quản trị thông tin sáng chế. 
650 |a Sở hữu trí tuệ  |v Giáo trình; Chuyển giao công nghệ; Thông tin sáng chế; Quyền; Khai thác; Quản trị 
700 |a Nguyễn, Tuấn Hưng 
856 |u http://lrc.tdmu.edu.vn/opac/search/detail.asp?aID=2&ID=20649 
980 |a Trung tâm Học liệu Trường Đại học Thủ Dầu Một